000 00598aas a2200169 4500
999 _c50457
_d50457
001 768714001
003 CO-MdFUSB
005 20170923095102.0
008 170906s1992 cr ||||| |||| 00| 0 spa d
040 _aCO-MdFUSB
_bspa
_cCO-MdFUSB
_dCO-MdFUSB
041 _aspa
100 1 _aSimpson, Charles
_eautor
245 1 0 _aUna manzana para su enemigo :
_b¿qué quiere cosechar usted?
_c/ Simpson, Charles
300 _aVolumen 2. Número 11 (1992), páginas 162-164
_c: 28 cm.
773 0 _tConquista Cristiana
_049446
_960328
_gVolumen 2. Número 11 (1992), páginas 162-164
_qPágina 162.
942 _cANA